书目信息 |
| 题名: |
现代城市设计理论与方法
|
|
| 作者: | 王建国 著 | |
| 分册: | ||
| 出版信息: | 南京 东南大学出版社 2001.07 |
|
| 页数: | 203页 | |
| 开本: | 26cm | |
| 丛书名: | ||
| 单 册: | ||
| 中图分类: | TU984.4 | |
| 科图分类: | ||
| 主题词: | 城市规划 | |
| 电子资源: | ||
| ISBN: | 7-81050-765-6 | |
| 000 | 00533nam0 2200181 450 | |
| 001 | 0452786849 | |
| 005 | 20081017164632.25 | |
| 010 | @a7-81050-765-6@dCNY 48.00 | |
| 100 | @a20041102d2001 km y0chiy0120 ea | |
| 101 | 0 | @achi |
| 200 | 1 | @a现代城市设计理论与方法@Axian dai cheng shi she ji li lun yu fang fa@f王建国著@Fwang jian guo zhu |
| 210 | @a南京@c东南大学出版社@d2001.07 | |
| 215 | @a203页@d26cm | |
| 606 | 0 | @a城市规划 |
| 690 | @aTU984.4@v4 | |
| 701 | 0 | @a王建国@Awang jian guo@4著 |
| 801 | 0 | @aCN@c20081017 |
| 905 | @dTU984.4@eW222 | |
| 现代城市设计理论与方法/王建国著.-南京:东南大学出版社,2001.07 |
| 203页;26cm |
| ISBN 7-81050-765-6:CNY 48.00 |
| ● |
| 相关链接 |
|
|
|
正题名:现代城市设计理论与方法
索取号:TU984.4/W222
 
预约/预借
| 序号 | 登录号 | 条形码 | 馆藏地/架位号 | 状态 | 备注 |
| 1 | 433705 | 204337057 | 建筑库201/201建筑库 66排2列3层/ [索取号:TU984.4/W222] | 在馆 | |
| 2 | 441985 | 204419851 | 建筑与城市规划学院资料室/404自科库 7排4列2层/ [索取号:TU984.4/W222] | 在馆 | |
| 3 | 441986 | 204419860 | 建筑库201/201建筑库 66排2列3层/ [索取号:TU984.4/W222] | 在馆 | |
| 4 | 441987 | 204419879 | 建筑与城市规划学院资料室/201建筑库 67排5列5层/ [索取号:TU984.4/W222] | 在馆 | |
| 5 | 441988 | 204419888 | 建筑与城市规划学院资料室/101建筑库 89排2列1层/ [索取号:TU984.4/W222] | 在馆 | |
| 6 | 441989 | 204419897 | 建筑与城市规划学院资料室/201建筑库 67排5列5层/ [索取号:TU984.4/W222] | 在馆 | |
| 7 | 454593 | 204545938 | 建筑与城市规划学院资料室/201建筑库 67排5列5层/ [索取号:TU984.4/W222] | 在馆 | |
| 8 | 454594 | 204545947 | 建筑库201/201建筑库 66排2列3层/ [索取号:TU984.4/W222] | 在馆 | |
| 9 | 454595 | 204545956 | 建筑库201/ [索取号:TU984.4/W222] | 在馆 | |
| 10 | 454596 | 204545965 | 建筑与城市规划学院资料室/201建筑库 67排5列5层/ [索取号:TU984.4/W222] | 在馆 | |
| 11 | 454597 | 204545974 | 建筑库201/201建筑库 66排2列3层/ [索取号:TU984.4/W222] | 在馆 |